Category by Top Five Countries (Hard) - Statistics

General Stats
  • This quiz has been taken 23 times
  • The average score is 3 of 10
Answer Stats
Hint Answer % Correct
China, India, United States, North Korea, Russia Active military personnel
81%
Monaco, Singapore, Bahrain, Malta, Maldives Population density
69%
Monaco, Japan, Germany, Italy, Andorra Median age
31%
Nauru, Palau, Marshall Islands, Tuvalu, Tonga Obesity rate
25%
Czech Republic, North Korea, Estonia, Japan, China Percentage irreligious
25%
United States, El Salvador, Turkmenistan, Palau, Rwanda Incarceration rate
19%
United Arab Emirates, China, Saudi Arabia, South Korea, United States Tallest buildings
19%
Norway, United States, Germany, Austria, Canada Winter Olympic medals (all time)
19%
South Africa, Namibia, Suriname, Zambia, São Tomé and Príncipe Income inequality (by Gini index)
6%
Sweden, Norway, Finland, Canada, United States Number of islands
6%
No matching quizzes found
Score Distribution
Percent of People with Each Score
Percentile by Number Answered
Your Score History
You have not taken this quiz